<?xml version="1.0" encoding="UTF-8"?>
<record
    xmlns:xsi="http://www.w3.org/2001/XMLSchema-instance"
    xsi:schemaLocation="http://www.loc.gov/MARC21/slim http://www.loc.gov/standards/marcxml/schema/MARC21slim.xsd"
    xmlns="http://www.loc.gov/MARC21/slim">

  <leader>00751nam a22001457a 4500</leader>
  <datafield tag="999" ind1=" " ind2=" ">
    <subfield code="c">533247</subfield>
    <subfield code="d">533247</subfield>
  </datafield>
  <controlfield tag="008">260430b           ||||| |||| 00| 0 eng d</controlfield>
  <datafield tag="100" ind1=" " ind2=" ">
    <subfield code="a">Chandra, Pramod</subfield>
    <subfield code="9">60369</subfield>
  </datafield>
  <datafield tag="245" ind1=" " ind2=" ">
    <subfield code="a">The future of purpose driven branding</subfield>
  </datafield>
  <datafield tag="260" ind1=" " ind2=" ">
    <subfield code="a">Vikalpa: The Journal for Decision Makers  </subfield>
  </datafield>
  <datafield tag="300" ind1=" " ind2=" ">
    <subfield code="a">51(1), Jan-Mar, 2026: p.98-99</subfield>
  </datafield>
  <datafield tag="520" ind1=" " ind2=" ">
    <subfield code="a">&#x2022;	David Asker and Varsha Jain, 2023, 270 pp. Rs.690, Wiley India pvt ltd, ISBN. 9789357460897. &#x2013;Reproduced 


https://journals.sagepub.com/doi/full/10.1177/02560909251389733?_gl=1*rhjzky*_up*MQ..*_ga*ODE5Nzc1OTk3LjE
3Nzc1NDI2Mjk.*_ga_60R758KFDG*czE3Nzc1NDI2Mjkkb
zEkZzAkdDE3Nzc1NDI2MjkkajYwJGwwJGg4NzQ4Mzg4MTU.</subfield>
  </datafield>
  <datafield tag="773" ind1=" " ind2=" ">
    <subfield code="a">Vikalpa: The Journal for Decision Makers  </subfield>
  </datafield>
  <datafield tag="906" ind1=" " ind2=" ">
    <subfield code="a">BOOK REVIEW </subfield>
  </datafield>
  <datafield tag="942" ind1=" " ind2=" ">
    <subfield code="c">AR</subfield>
  </datafield>
  <datafield tag="952" ind1=" " ind2=" ">
    <subfield code="0">0</subfield>
    <subfield code="1">0</subfield>
    <subfield code="2">ddc</subfield>
    <subfield code="4">0</subfield>
    <subfield code="7">0</subfield>
    <subfield code="9">408417</subfield>
    <subfield code="a">IIPA</subfield>
    <subfield code="b">IIPA</subfield>
    <subfield code="d">2026-04-30</subfield>
    <subfield code="h">51(1), Jan-Mar, 2026: p.98-99</subfield>
    <subfield code="p">AR138758</subfield>
    <subfield code="r">2026-04-30</subfield>
    <subfield code="y">AR</subfield>
  </datafield>
</record>
